Istmo centroamericano: abastecimiento de hidrocarburos. Datos actualizados al primer semestre de 1992

Wedi'i Gadw mewn:
Manylion Llyfryddiaeth
Awdur Corfforaethol: CEPAL
Fformat: Texto
Cyhoeddwyd: México D.F.: CEPAL
Tagiau: Ychwanegu Tag
Dim Tagiau, Byddwch y cyntaf i dagio'r cofnod hwn!

MARC

LEADER 00000 a a2200000 04500
001 23292
003
040
090 |a 161200  
110 |a CEPAL  
245 |a Istmo centroamericano: abastecimiento de hidrocarburos. Datos actualizados al primer semestre de 1992  
260 |a México D.F.:   |b CEPAL  
300 |a 173 p.   |b **no definido**  
999 |c 10675  |d 10675